[Event "DEM U18w 2020"]
[Site "Willingen GER"]
[Date "2020.10.20"]
[Round "1"]
[White "Sokolowski, Judith"]
[Black "Dietz, Helena"]
[Result "1/2-1/2"]
[Termination "normal"]
[Board "10"]
[WhiteElo "1794"]
[BlackElo "1463"]
[WhiteClock "00:01:01"]
[BlackClock "00:05:09"]
[PlyCount "80"]
[WhiteFideId "16200624"]
[BlackFideId "16239016"]
[EventCountry "GER"]
[EventRounds "7"]
[EventType "swiss"]
[EventDate "2020.10.19"]

1. e4 {[%clk 1:30:57]} d6 {[%clk 1:30:52]} 2. d4 {[%clk 1:31:21]} Nf6 {[%clk
1:31:14]} 3. Nc3 {[%clk 1:31:34]} g6 {[%clk 1:31:23]} 4. Be3 {[%clk 1:31:49]}
c6 {[%clk 1:31:05]} 5. h3 {[%clk 1:32:01]} b5 {[%clk 1:29:46]} 6. Bd3 {[%clk
1:32:06]} Nbd7 {[%clk 1:28:55]} 7. Nf3 {[%clk 1:31:10]} Qc7 {[%clk 1:22:42]} 8.
O-O {[%clk 1:29:03]} b4 {[%clk 1:15:57]} 9. Ne2 {[%clk 1:22:02]} e5 {[%clk
1:08:57]} 10. dxe5 {[%clk 1:11:25]} dxe5 {[%clk 1:07:40]} 11. c3 {[%clk
1:01:04]} a5 {[%clk 1:02:42]} 12. Rc1 {[%clk 0:54:00]} Bb7 {[%clk 0:50:11]} 13.
Ng3 {[%clk 0:45:12]} Bg7 {[%clk 0:41:47]} 14. Qb3 {[%clk 0:41:46]} O-O {[%clk
0:35:50]} 15. cxb4 axb4 {[%clk 0:33:29]} 16. Bb1 {[%clk 0:30:12]} Qa5 {[%clk
0:25:34]} 17. Bd2 {[%clk 0:25:09]} c5 {[%clk 0:19:57]} 18. a3 {[%clk 0:24:04]}
Ba6 {[%clk 0:16:54]} 19. axb4 {[%clk 0:16:43]} cxb4 {[%clk 0:16:54]} 20. Rfd1
{[%clk 0:15:32]} Rab8 {[%clk 0:15:49]} 21. Be3 {[%clk 0:13:43]} Rfc8 {[%clk
0:14:50]} 22. Ng5 {[%clk 0:12:41]} Rf8 {[%clk 0:07:15]} 23. Ba2 {[%clk
0:12:31]} Bb5 {[%clk 0:07:01]} 24. Nxf7 {[%clk 0:02:33]} Ba4 {[%clk 0:05:43]}
25. Nh6+ {[%clk 0:02:18]} Kh8 {[%clk 0:06:03]} 26. Nf7+ {[%clk 0:02:19]} Kg8
{[%clk 0:06:22]} 27. Qe6 {[%clk 0:01:02]} Rbe8 {[%clk 0:05:25]} 28. Nh6+ {[%clk
0:01:06]} Kh8 {[%clk 0:05:35]} 29. Nf7+ {[%clk 0:01:20]} Kg8 {[%clk 0:05:49]}
30. Nh6+ {[%clk 0:01:28]} Kh8 {[%clk 0:06:08]} 31. Nf7+ {[%clk 0:00:38]} Kg8
{[%clk 0:06:36]} 32. Nh6+ {[%clk 0:00:59]} Kh8 {[%clk 0:06:47]} 33. Nf7+ {[%clk
0:01:04]} Kg8 {[%clk 0:06:36]} 34. Nh6+ {[%clk 0:00:43]} Kh8 {[%clk 0:06:50]}
35. Rd5 {[%clk 0:00:34]} Qa8 {[%clk 0:04:26]} 36. Nf7+ {[%clk 0:00:42]} Kg8
{[%clk 0:04:28]} 37. Nh6+ {[%clk 0:01:09]} Kh8 {[%clk 0:04:42]} 38. Nf7+ {[%clk
0:01:08]} Kg8 {[%clk 0:05:00]} 39. Nh6+ {[%clk 0:01:19]} Kh8 {[%clk 0:05:21]}
40. Nf7+ {[%clk 0:01:01]} Kg8 {[%clk 0:05:09]} 1/2-1/2